| 000 | 01206nam a22003737a 4500 | ||
|---|---|---|---|
| 003 | CHAP | ||
| 005 | 20220817044440.0 | ||
| 008 | 110523s2009 it a rn 00010 spa d | ||
| 010 | _a101260 | ||
| 011 | _a102232 | ||
| 020 | _a9789253062027 | ||
| 035 | _a112920 | ||
| 040 | _cCHAP | ||
| 082 | 0 | 4 |
_a639.2 _bF3 v.517 |
| 110 | 2 | _aFAO | |
| 245 | 1 | 0 |
_aPrácticas de seguridad relativas a la estabilidad de buques pesqueros pequeños _c/por Ari Gudmundsson |
| 260 |
_aRoma : _bFAO, _c2009 |
||
| 300 |
_avi, 54 p. : _bilus. |
||
| 490 | 0 |
_aDocumento técnico de pesca _v; 517 |
|
| 590 |
_aBATCH-UPD _b10 _c20130110 _lUCH01 _h1056 |
||
| 590 |
_aBATCH-UPD _b10 _c20130410 _lUCH01 _h0651 |
||
| 590 |
_aBATCH-UPD _b10 _c20130914 _lUCH01 _h1036 |
||
| 590 |
_aCONVERSION _b10 _c20130109 _lUCH01 _h1356 |
||
| 650 | 1 | 4 |
_aConstrucción de barcos. _927390 |
| 650 | 1 | 4 | _aPesca. |
| 650 | 1 | 4 |
_aPesca _xEmbarcaciones. _987376 |
| 650 | 1 | 4 |
_aRiesgos. _997403 |
| 650 | 1 | 4 |
_aSeguridad industrial. _9103675 |
| 700 | 1 |
_aGudmundsson, Ari _951089 |
|
| 830 | 0 | 0 |
_aDocumento técnico de pesca _v; 517 _933242 |
| 901 | _aBK | ||
| 942 | _cLIBRO | ||
| 949 |
_a639.2 F3 v.517 _bBC _cFAO _d33724002174918 _eFAO1 _gDonaciØn _h114859 _i112920 _sb |
||
| 999 |
_c101260 _d101260 |
||